Interculturalización fallida: desarrollismo, neoindigenismo y universidad intercultural en Yucatán, México /
En el artículo se explica el término de interculturalidad, implicaciones y elementos, con información recopilada a través de diferentes fuentes (entrevistas, observación participante y notas periódicas). Además de una vasta reflexión sobre la fallida creación de una universidad intercultural específ...
保存先:
| 第一著者: | |
|---|---|
| フォーマット: | テキスト |
| 主題: | |
| タグ: |
タグ追加
タグなし, このレコードへの初めてのタグを付けませんか!
|
MARC
| LEADER | 00000 a a2200000 04500 | ||
|---|---|---|---|
| 001 | 40096 | ||
| 003 | |||
| 040 | |||
| 100 | |a Llanes Ortiz, Genner de Jesús | ||
| 245 | |a Interculturalización fallida: |b desarrollismo, neoindigenismo y universidad intercultural en Yucatán, México / |c Genner de Jesús Llanes Ortiz | ||
| 520 | |a En el artículo se explica el término de interculturalidad, implicaciones y elementos, con información recopilada a través de diferentes fuentes (entrevistas, observación participante y notas periódicas). Además de una vasta reflexión sobre la fallida creación de una universidad intercultural específicamente en Yucatán, México. | ||
| 590 | |a SJB/DICIEMBRE2010 | ||
| 650 | |a 1.POBLACION INDIGENA | ||
| 650 | |a 2.INTEGRACION CULTURAL | ||
| 650 | |a 3.PLURALISMO CULTURAL | ||
| 650 | |a 4.ELABORACION DE POLITICAS | ||
| 650 | |a 5.UNIVERSIDADES | ||
| 650 | |a 6.JUSTICIA SOCIAL | ||
| 650 | |a 7.MEXICO | ||
| 773 | |g número53 ( 2008), páginas 49-63 | ||
| 999 | |c 31664 |d 31664 | ||
